Normal view MARC view

Entry Personal Name

Number of records used in: 2

001 - CONTROL NUMBER

  • control field: 70078

003 - CONTROL NUMBER IDENTIFIER

  • control field: dpl

005 - DATE AND TIME OF LATEST TRANSACTION

  • control field: 20240816102228.0

008 - FIXED-LENGTH DATA ELEMENTS

  • fixed length control field: 240816|| aca||aabn | a|a d

040 ## - CATALOGING SOURCE

  • Original cataloging agency: dpl
  • Transcribing agency: dpl

100 ## - HEADING--PERSONAL NAME

  • Personal name: Priyadarsini, R

670 ## - SOURCE DATA FOUND

  • Source citation: Work cat.: (dpl)205059: Indulatha, V.N 70077, Advanced Instrumentation Technology For Pharmaceutical Analysis/, 2023

© Delhi Public Library
Hit Counter
free hit counter